| 000 | 00390 a2200157 4500 | ||
|---|---|---|---|
| 001 | 149127 | ||
| 040 | _cEscola São Tomás de Aquino | ||
| 100 | _aSTEINKELLNER, Elisabeth | ||
| 240 | 1 | 0 |
_aPara o seu Almeida, com um abraço! _lpor |
| 245 | 1 | 0 | _aPara o seu Almeida, com um abraço! |
| 300 | _a40 | ||
| 362 | 0 | _a2012 | |
| 440 | 1 | _aAbacatte | |
| 697 | _a*LITERATURA INFANTO | ||
| 942 | _cBK | ||
| 999 |
_c149127 _d149127 |
||